El sufragio
Gespeichert in:
| 1. Verfasser: | |
|---|---|
| Format: | Buch |
| Sprache: | Spanisch |
| Veröffentlicht: |
Barcelona
Sucesores de Manuel Soler
1920
|
| Schriftenreihe: | Manuales Soler, 13
|
| Schlagworte: | |
| Tags: |
Tag hinzufügen
Keine Tags, Fügen Sie den ersten Tag hinzu!
|
MARC
| LEADER | 00000nam a2200000 a 4500 | ||
|---|---|---|---|
| 001 | UCT7179 | ||
| 003 | CL-VaPUC | ||
| 008 | 970116e19200000SP |||||||||||||||||spa|d | ||
| 082 | 0 | 4 | |a 324.62 |b POS |2 21 |
| 100 | 0 | |a Posada, Adolfo |e author |9 377980 | |
| 245 | 1 | 3 | |a El sufragio |
| 300 | |a 170 p | ||
| 942 | |c BK | ||
| 945 | |d 19970116 00:00:00 |a paguirre | ||
| 260 | |a Barcelona |b Sucesores de Manuel Soler |c 1920 | ||
| 650 | 0 | |a Representación política |9 362081 | |
| 650 | 0 | |a Votación |9 376129 | |
| 650 | 0 | |a Elecciones |9 254997 | |
| 650 | 0 | |a Democracia |9 255256 | |
| 650 | 7 | |a REFERENDUM |2 CL-VaPUC |9 377981 | |
| 650 | 0 | |a Sistemas electorales |9 326307 | |
| 583 | |a last modification |c 19970116 00:00:00 |k Rodrigo Vera | ||
| 490 | 0 | |a Manuales Soler, 13 | |
| 999 | |c 255838 |d 255836 | ||
| 952 | |0 0 |1 0 |4 0 |6 324_620000000000000_POS_1920 |7 0 |8 A |9 278284 |a BIBDER |b BIBDER |d 2019-11-19 |i 180717K |o 324.62 POS 1920 |p 180717K |r 2023-01-25 |w 2019-11-19 |y BK |k DER | ||